Statistics for Middle Eastern Cities Quiz

Click here to take the quiz!

General Stats

  • This quiz has been taken 84 times
  • The average score is 10 of 20

Answer Stats

QuestionCity% Correct
What is the most populous metropolitan area of the Middle East?Cairo
93%
What city is the holiest site of Islam?Mecca
93%
What is the most populated inland city of Turkey?Ankara
76%
What Egyptian city is home to the Great Sphinx?Giza
73%
What city reopened its library in 2002 - since it was completely destroyed in 391?Alexandria
72%
What is the capital of Bahrain?Manama
70%
What city was the central of knowledge of the world during the Islamic Golden Age?Baghdad
63%
In which city where Jesus was raised?Nazareth
63%
What city is home to the Silicon Wadi of Israel?Tel Aviv
52%
What city served as the capital of the Umayyad Caliphate between 661 and 744?Damascus
51%
What city is the headquarters of the fundamentalist militant organization of Hamas?Gaza
48%
What city gives its name to an ocean gulf between Yemen and Somalia?Aden
44%
What is the most populous Saudi Arabian city on the Persian Gulf coast?Dammam
44%
What is the second most populated city of Iran?Mashhad
42%
What city serves as the capital of the Iraqi Kurdistan?Erbil
35%
What is the most populous port of Cyprus?Limassol
32%
In what ancient city does "The Illiad" take place?Troy
30%
What ancient Persian capital did Alexander the Great destroy for revenge?Persepolis
23%
What major Iranian city has a majority population of Azeri background?Tabriz
21%
What Omani city is famous for its banana plantations?Salalah
18%

Score Distribution

Percentile by Number Answered

Percent of People with Each Score

Your Score History

You have not taken this quiz